00578 a2200169 4500010001400000020002300014035001300037037001500050082001400065100001400079245011100093250001100204260004200215270010400257300002800361500001900389 aENG-86988 a8175346215c250.00 aEN-70521 bDBAD / PUB14a346.540521 aDas, P.K.1 aUniversal's handbook on Hindu Succession :cby P.K. Dasbcovering property rights of women and daughters / a2nd ed aDelhibUniversal Law Publishingc2007 aC-FF-1A, Dilkhush Industrial Estate, (Opp. Hans Cinema, Azadpur), G.T. Karnal Road,bDelhie110 033 axvi, 271p.c24cm (pbk) aIncludes index